| 000 | 00688nam a22002417a 4500 | ||
|---|---|---|---|
| 003 | OSt | ||
| 005 | 20140626132402.0 | ||
| 008 | 130716s2013 sp ||||| |||| 00| 0 spa d | ||
| 020 | _a9788441532007 | ||
| 024 |
_2DL _a9788441532007 |
||
| 040 | _cCPC Lleida | ||
| 100 |
_93970 _aVela García, Dolores |
||
| 245 | 1 | 0 |
_aSocial media manager _cDolores Vela García |
| 260 |
_aMadrid _bAnaya _c2013 |
||
| 300 |
_a245 p. _c22 cm |
||
| 490 |
_aAnaya Multimedia. _aSocial Business |
||
| 654 |
_93396 _aMàrqueting |
||
| 654 |
_92798 _aComunicació en l'empresa |
||
| 654 |
_93137 _aWeb 2.0 |
||
| 654 |
_93978 _aReputació en línia |
||
| 654 |
_94121 _aSocial Media Management |
||
| 942 |
_2udc _cMON |
||
| 999 |
_c6645 _d6645 |
||